LIBRARY & INFORMATION CENTRE, KCAET, TAVANUR

ONLINE PUBLIC ACCESS CATALOGUE (OPAC)

Design of Automotive Engines / (Record no. 2777)

MARC details
000 -LEADER
fixed length control field 00439cam a2200181ua 4500
041 ## - LANGUAGE CODE
Language code of text/sound track or separate title eng
082 ## - DEWEY DECIMAL CLASSIFICATION NUMBER
Classification number 629.25
Item number KOL/DE
100 ## - MAIN ENTRY--AUTHOR NAME
Personal name Kolchin , A .
245 ## - TITLE STATEMENT
Title Design of Automotive Engines /
260 ## - PUBLICATION, DISTRIBUTION, ETC. (IMPRINT)
Place of publication Moscow :
Name of publisher MIR Publishers ,
Year of publication 1984.
300 ## - PHYSICAL DESCRIPTION
Number of Pages 429 ; .
700 1# - ADDED ENTRY--PERSONAL NAME
Personal name Demidov, V .
942 ## - ADDED ENTRY ELEMENTS (KOHA)
Koha item type Books
Holdings
Withdrawn status Lost status Damaged status Home library Current library Date acquired Full call number Accession Number Koha item type
      KAUAET KAUAET 12/02/1986 629.25 KOL/DE 14879 Books
free website counter